Model of Competitiveness Measurement in the Context of the Strategy Europe 2020

Analýza väzieb, ktoré existujú medzi inováciami a konkurencieschopnosťou, s prihliadnutím na výsledky modelov hodnotenia výkonnosti v rámci vybraných krajín. Súčasná situácia v oblasti konkurencieschopnosti a ekonomických otázok krajín s heterogénnymi výsledkami, ako aj ich integráciu do rámca konku...

Descrizione completa

Salvato in:
Dettagli Bibliografici
Autore principale: Štofová, Lenka, 1989-
Altri autori: Szaryszová, Petra, 1984-, Mihalčová, Bohuslava, 1963-
Natura: Capitolo di libro
Lingua:inglese
Soggetti:
Tags: Aggiungi Tag
Nessun Tag, puoi essere il primo ad aggiungerne!!

MARC

LEADER 00000naa$a2200000$$$4500
001 0245475
005 20240502083654.4
041 0 |a eng 
044 |a CZ 
245 1 0 |a Model of Competitiveness Measurement in the Context of the Strategy Europe 2020  |c Lenka Štofová, Petra Szaryszová, Bohuslava Mihalčová 
520 |a Analýza väzieb, ktoré existujú medzi inováciami a konkurencieschopnosťou, s prihliadnutím na výsledky modelov hodnotenia výkonnosti v rámci vybraných krajín. Súčasná situácia v oblasti konkurencieschopnosti a ekonomických otázok krajín s heterogénnymi výsledkami, ako aj ich integráciu do rámca konkurencieschopnosti uvedenej v stratégii Európa 2020. 
610 2 0 |a konkurencieschopnosť 
610 2 0 |a Európska únia 
610 2 0 |a Európske spoločenstvá 
610 2 0 |a Európa 
610 2 0 |a stratégia hospodárska 
610 2 0 |a riadenie hospodárske 
610 2 0 |a modely riadenia 
100 1 |a Štofová, Lenka, 1989- 
700 1 |a Szaryszová, Petra, 1984- 
700 1 |a Mihalčová, Bohuslava, 1963-